00416 2200157 4500001002100000005001500021035002000036245007100056100001700127300002600144260003200170082000800202084001400210020002200224990001200246INLIS00000000000310820251001100308 a0010-10250000121 aPemberontak :bEsai Tentang Manusia Dalam Revolusi /cAlbert Camus0 aAlbert Camus a578 hlm ;c14 x 21 cm aYogyakarta :bNarasi,c2015 a800 a800 ALB p a978-979-168-424-8 a0755518